000 00513nam a2200181Ia 4500
001 19686
005 20260306172711.0
008 260306t2017||||xx |||||||||||||| ||spa||
041 _aESP
082 _a341
_bD59 Nº 1
100 _aAlexy, Robert
_eAUT
245 0 _aTeoría de la argumentación jurídica:
_bla teoría del discurso racional como teoría de la fundamentación jurídica
260 _c2017
300 _a566 páginas :
_c20 cm.
650 _aGEN
654 _aCDE
942 _cLIB
_dJUS
_fJUS
_2ddc
_n
999 _c19686
_d19686